000
00313nam a22001337a 4500
003
SGT
020
_a
97893787829
082
_a
363.25
_b
SIN
100
_a
SINGH KHUSHAL
245
_a
NTA UGC NET-JRF/SET/FACT FORENSIC SCIENCE
_b
PAPER -II
260
_a
INDIA
_b
SSB PUB
_c
2024
300
_a
644
942
_2
ddc
_c
BK
999
_c
34724
_d
34724